Сказки; Повесть о том, как один мужик двух генералов прокормил; Пропала совесть; Дикий помещик; Премудрый пискарь; Самоотверженный заяц; Бедный волк; Добродетели и Пороки; Медведь на воеводстве; Обманщик-газатчик и легковерный читатель; Вяленая вобла; Орел-меценат; Карась-идеалист; Игрушечного дела людишки; Чижиково горе; Верный Трезор; Недреманное око; Дурак; Соседи; Зравомысленный заяц; Либерал; Баран-непомнящий; Коняга; Кисель; Праздный разговор; Деревенский пожар; Путем-дорогою; Богатырь; Гиена; Приключение с Крамольниковым; Христова ночь; Ворон-челобитчик; Рождественская сказка
| Autor principal: | |
|---|---|
| Idioma: | rus |
| Publicat: |
Ленинград, Наука, 1988
|
| TOC: | Повесть о том, как один мужик двух генералов прокормил; Пропала совесть; Дикий помещик; Премудрый пискарь; Самоотверженный заяц; Бедный волк; Добродетели и Пороки; Медведь на воеводстве; Обманщик-газатчик и легковерный читатель; Вяленая вобла; Орел-меценат; Карась-идеалист; Игрушечного дела людишки; Чижиково горе; Верный Трезор; Недреманное око; Дурак; Соседи; Зравомысленный заяц; Либерал; Баран-непомнящий; Коняга; Кисель; Праздный разговор; Деревенский пожар; Путем-дорогою; Богатырь; Гиена; Приключение с Крамольниковым; Христова ночь; Ворон-челобитчик; Рождественская сказка; |
| Col·lecció: | Литературные памятники |
| Matèries: | |
| Format: | MixedMaterials Llibre |
| KOHA link: | https://koha.lib.tpu.ru/cgi-bin/koha/opac-detail.pl?biblionumber=102518 |
MARC
| LEADER | 00000nam0a2200000 4500 | ||
|---|---|---|---|
| 001 | 102518 | ||
| 005 | 20231101214431.0 | ||
| 010 | |a 5850504923 | ||
| 035 | |a (RuTPU)RU\TPU\book\110540 | ||
| 035 | |a RU\TPU\book\22754 | ||
| 090 | |a 102518 | ||
| 100 | |a 20060927d1988 m y0rusy50 ca | ||
| 101 | 0 | |a rus | |
| 102 | |a RU | ||
| 105 | |a y z 000ay | ||
| 200 | 1 | |a Сказки |f М. Е. Салтыков (Салтыков-Щедрин) | |
| 210 | |a Ленинград |c Наука |d 1988 | ||
| 215 | |a 280 с. | ||
| 225 | 1 | |a Литературные памятники | |
| 464 | |t Повесть о том, как один мужик двух генералов прокормил; Пропала совесть; Дикий помещик; Премудрый пискарь; Самоотверженный заяц; Бедный волк; Добродетели и Пороки; Медведь на воеводстве; Обманщик-газатчик и легковерный читатель; Вяленая вобла; Орел-меценат; Карась-идеалист; Игрушечного дела людишки; Чижиково горе; Верный Трезор; Недреманное око; Дурак; Соседи; Зравомысленный заяц; Либерал; Баран-непомнящий; Коняга; Кисель; Праздный разговор; Деревенский пожар; Путем-дорогою; Богатырь; Гиена; Приключение с Крамольниковым; Христова ночь; Ворон-челобитчик; Рождественская сказка |o сказки | ||
| 610 | 1 | |a русская литература | |
| 610 | 1 | |a сказки | |
| 610 | 1 | |a 19 век | |
| 675 | |a Р1 |v 3 | ||
| 700 | 1 | |a Салтыков (Салтыков-Щедрин) |b М. Е. |c русский писатель |c публицист |c настоящая фамилия Салтыков, псевдоним Н. Щедрин |f 1826-1889 |g Михаил Евграфович |2 stltpush |3 (RuTPU)RU\TPU\pers\1208 |4 070 |9 536 | |
| 801 | 0 | |a RU |b 63413507 |c 20011209 |g PSBO | |
| 801 | 1 | |a RU |b 63413507 |c 20060927 |g PSBO | |
| 801 | 2 | |a RU |b 63413507 |c 20180123 |g PSBO | |
| 942 | |c BK | ||